00438nam a22001217a 4500003000200000005001700002008004100019050002200060245009100082260008000173300003000253500003300283020221013131007.0221013b xxu||||| |||| 00| 0 eng d aHD6305b.C37 2022 aA Comparative ethnogeriatric study on local and migrant filipinoscJan Antonette Casin aLas Pinas, PhilippinesbSouthville International School and CollegescC2022 aiii,132pp.c28cm.fTheses alocal and migrant Filipinos.